| 000 | 00760nam a2200229 a 4500 | ||
|---|---|---|---|
| 001 | 4128 | ||
| 005 | 20140414131852.0 | ||
| 008 | 090209s19uu xx 00 eng d | ||
| 020 | _a0-7368-2431-6 | ||
| 050 |
_aM 629.2 _bSa9 2004 |
||
| 100 | _aSavage, Jeff, 1961- | ||
| 245 |
_aRally cars / _cby Jeff Savage. |
||
| 260 |
_aMankato, Minnesota : _bCapstone Press, _cc2004. |
||
| 300 | _a32 p. : col., ill. cm. | ||
| 440 | _aWild rides! | ||
| 500 | _aIncludes bibliographical references and index. | ||
| 520 | _aContents: Rally cars--Early rally races--Designing a rally car--Rally cars in competition. | ||
| 650 |
_aAutomobile rallies _xJuvenile literature. |
||
| 650 |
_aAutomobiles, Racing _xJuvenile literature. |
||
| 999 |
_c110236 _d110236 |
||